Statistics for Flags of Countries that Border Germany

Click here to take the quiz!

General Stats

  • This quiz has been taken 29,620 times
    (29,613 since last reset)
  • The average score is 8 of 9

Answer Stats

Answer % Correct
France
99%
Switzerland
98%
Netherlands
93%
Poland
92%
Denmark
91%
Belgium
91%
Austria
89%
Czech Republic
87%
Luxembourg
84%

Score Distribution

Percentile by Number Answered

Percent of People with Each Score

Your Score History

You have not taken this quiz since the last reset